[Event "Druzynowe Mistrzostwa Polski w Szachach Blyskawicznych"]
[Site "Piotrkow Trybunalski"]
[Date "1899-12-30"]
[Round "3.4"]
[White "Gumularz, Szymon"]
[Black "Swic, Waldemar"]
[Result "1/2-1/2"]
[WhiteTitle "I++"]
[BlackTitle "FM"]
[WhiteElo "2262"]
[BlackElo "2297"]

1. e4 e5 2. Nc3 Nf6 3. g3 d5 4. exd5 Nxd5 5. Bg2 Nxc3 6. bxc3 Bd6 7. Nf3 O-O 8.
O-O Re8 9. Rb1 Nd7 10. d4 c6 11. Re1 exd4 12. Rxe8+ Qxe8 13. cxd4 Nf6 14. c4 h6
15. h3 Qe7 16. Be3 Bf5 17. Rb2 b6 18. Nd2 Bd7 19. Qc2 Rb8 20. a4 c5 21. d5 Be5
22. Rb1 Ne8 23. a5 Bxg3 24. axb6 axb6 25. Ra1 Bd6 26. Ra7 Nf6 27. Qd3 Qd8 28.
Nf3 Ra8 29. Qa3 Rxa7 30. Qxa7 Qc7 31. Qa8+ Qb8 32. Qa6 Ne8 33. Nd2 Nf6 34. Nf3
Bc8 35. Qb5 Qb7 36. Nd2 Bd7 37. Qb2 b5 38. Ne4 Nxe4 39. Bxe4 b4 40. Bg2 Qc8 41.
h4 Bh3 42. Bf3 Qf5 43. Qe2 Qb1+ 44. Qd1 Qxd1+ 45. Bxd1 Bf5 46. Ba4 Kf8 47. Kg2
Bd3 48. Bb3 Ke7 49. Kf3 f5 50. Bd2 Kf6 51. Bc1 g5 52. hxg5+ hxg5 53. Bb2+ Kg6
54. Ba1 f4 55. Kg4 Be2+ 56. f3 Bd3 57. Kh3 Bf5+ 58. Kg2 Kh5 59. Bf6 g4 60. fxg4+
Bxg4 61. Kf2 Kg6 62. Bd8 Kh5 63. Bf6 f3 64. Bd1 Kg6 65. Bb2 Kf5 66. Bxf3 Bh3 67.
Ke2 Bf4 68. Kd3 Bf1+ 69. Be2 Bg2 70. Kc2 Ke4 71. Bd3+ Ke3 72. Bc1+ Kf3 73. Bxf4
Kxf4 74. Kb3 Ke5 75. Be2 Kd6 76. Bd3 Bf3 77. Bc2 Be2 78. Be4 Ke5 79. Bc2 Kd6 80.
Bh7 Ke5 81. Bg6 Kd6 82. Bc2 1/2-1/2

[Event "Druzynowe Mistrzostwa Polski w Szachach Blyskawicznych"]
[Site "Piotrkow Trybunalski"]
[Date "1899-12-30"]
[Round "3.5"]
[White "Miton, Kamil"]
[Black "Tazbir, Marcin"]
[Result "1-0"]
[WhiteTitle "GM"]
[BlackTitle "GM"]
[WhiteElo "2530"]
[BlackElo "2552"]

1. d4 c5 2. d5 g6 3. c4 Bg7 4. Nf3 d6 5. g3 Nf6 6. Nc3 O-O 7. Bg2 e6 8. O-O exd5
9. cxd5 a6 10. a4 Re8 11. Bf4 Nh5 12. Bg5 Bf6 13. Bh6 Ng7 14. e4 Bxc3 15. bxc3
Rxe4 16. Nd2 Re8 17. Ne4 f6 18. Rb1 Nf5 19. Bf4 g5 20. Bd2 Ng7 21. f4 gxf4 22.
Bxf4 Bf5 23. Nxd6 Bxb1 24. Nxe8 Qxe8 25. Qxb1 Nd7 26. Qxb7 Ne5 27. d6 Rd8 28.
Qxa6 Ng6 29. Qc4+ Kh8 30. a5 Nxf4 31. Qxf4 f5 32. a6 Qd7 33. Qe5 Re8 34. Qxc5
1-0

[Event "Druzynowe Mistrzostwa Polski w Szachach Blyskawicznych"]
[Site "Piotrkow Trybunalski"]
[Date "1899-12-30"]
[Round "3.6"]
[White "Cyborowski, Lukasz"]
[Black "Bulski, Krzysztof"]
[Result "1-0"]
[WhiteTitle "GM"]
[BlackTitle "GM"]
[WhiteElo "2577"]
[BlackElo "2485"]

1. Nf3 Nf6 2. d4 g6 3. Nbd2 d5 4. e3 Bg7 5. b4 O-O 6. Be2 a5 7. b5 c5 8. bxc6 bxc6
9. Ba3 Re8 10. O-O Ba6 11. c4 e6 12. Qc2 Nbd7 13. Rab1 Bf8 14. Bxf8 Rxf8 15. Rfc1
c5 16. dxc5 Nxc5 17. Nd4 Rc8 18. cxd5 Bxe2 19. Nc6 Rxc6 20. dxc6 Nd3 21. c7 Qc8
22. Rb8 Nxc1 23. Rxc8 Rxc8 24. Qxc1 Nd5 25. Qb2 Rxc7 26. h3 Nb4 27. Ne4 Nd5 28.
Qxe2 1-0

[Event "Druzynowe Mistrzostwa Polski w Szachach Blyskawicznych"]
[Site "Piotrkow Trybunalski"]
[Date "1899-12-30"]
[Round "3.7"]
[White "Gdanski, Jacek"]
[Black "Kulon, Klaudia"]
[Result "1-0"]
[WhiteTitle "GM"]
[BlackTitle "WGM"]
[WhiteElo "2442"]
[BlackElo "2317"]

1. e4 e5 2. Nf3 Nc6 3. Bb5 a6 4. Bxc6 dxc6 5. O-O f6 6. d4 exd4 7. Nxd4 c5 8. Ne2
Qxd1 9. Rxd1 Bd7 10. Nbc3 O-O-O 11. Be3 b6 12. a4 a5 13. Rd2 Re8 14. Rad1 Bc6
15. f3 Ne7 16. Nb5 Kb7 17. Bf4 Ng6 18. Bg3 Ne5 19. b3 Be7 20. c4 g5 21. Nec3 Rhf8
22. Nd5 Bxb5 23. cxb5 Bd6 24. Ne3 g4 25. Nf5 gxf3 26. Nxd6+ cxd6 27. Rxd6 fxg2
28. Bxe5 Rxe5 29. Rd7+ Kc8 30. Rxh7 Rxe4 31. Kxg2 Rd8 32. Rxd8+ Kxd8 33. Rb7 Re6
34. Kf3 Kc8 35. Rf7 Rd6 36. Ke3 Re6+ 37. Kf3 Rd6 38. h4 Rd3+ 39. Kg4 Rxb3 40.
h5 Rb4+ 41. Kf5 Rb1 42. h6 Rh1 43. h7 c4 44. Rf8+ Kd7 45. h8=Q Rxh8 46. Rxh8 Kd6
47. Rc8 Kd5 48. Rc6 Kd4 49. Rxb6 c3 50. Rc6 Kd3 51. b6 c2 52. b7 1-0

[Event "Druzynowe Mistrzostwa Polski w Szachach Blyskawicznych"]
[Site "Piotrkow Trybunalski"]
[Date "1899-12-30"]
[Round "3.8"]
[White "Siekierski, Pawel"]
[Black "Masternak, Grzegorz"]
[Result "0-1"]
[WhiteTitle "I+"]
[BlackTitle "IM"]
[WhiteElo "1964"]
[BlackElo "2267"]

1. d4 d5 2. c4 Nc6 3. Nf3 Bg4 4. cxd5 Bxf3 5. gxf3 Qxd5 6. e3 e5 7. dxe5 Qxd1+
8. Kxd1 O-O-O 9. Ke2 Nxe5 10. e4 Nf6 11. Bf4 Nc6 12. Bh3+ Kb8 13. Nc3 Nd4+ 14.
Kf1 Nxf3 15. Rc1 Bd6 16. Bxd6 Rxd6 17. Kg2 Ne5 18. Kg3 a6 19. f4 Rd3+ 20. Kg2
Nc6 21. Rhd1 Rhd8 22. Rxd3 Rxd3 23. Re1 Nh5 24. Nd5 Rd2+ 25. Kf3 Rxh2 26. Kg4
Nf6+ 27. Nxf6 gxf6 28. Kg3 Rxb2 29. a4 Rb4 30. Bf5 h6 31. Ra1 Nd4 32. e5 Nxf5+
33. Kf3 fxe5 34. fxe5 h5 35. Rh1 h4 36. a5 Ra4 37. Ke2 Ng3+ 0-1

[Event "Druzynowe Mistrzostwa Polski w Szachach Blyskawicznych"]
[Site "Piotrkow Trybunalski"]
[Date "1899-12-30"]
[Round "3.9"]
[White "Jarmula, Lukasz"]
[Black "Tomczak, Jacek"]
[Result "0-1"]
[WhiteTitle "IM"]
[BlackTitle "GM"]
[WhiteElo "2168"]
[BlackElo "2546"]

1. d4 Nf6 2. c4 g6 3. Nc3 d5 4. Bf4 Bg7 5. e3 O-O 6. Qb3 e6 7. Nf3 b6 8. h3 dxc4
9. Bxc4 Bb7 10. Be2 Nd5 11. Be5 Nd7 12. Bxg7 Kxg7 13. O-O Qe7 14. Rac1 c5 15.
Rfd1 cxd4 16. Nxd4 Nc5 17. Nxd5 Bxd5 18. Qc3 Qf6 19. b3 Ne4 20. Qe1 Rac8 21. Bf3
Rxc1 22. Rxc1 Rd8 23. Rc7 a5 24. Qc1 Nc5 25. Bxd5 Rxd5 26. Rc6 Nd7 27. Nf3 Rc5
28. Rxc5 Nxc5 29. Nd4 Qxf2+ 30. Kxf2 Nd3+ 31. Kf3 Nxc1 32. a4 e5 33. Nb5 Nxb3
34. Ke4 Nc5+ 35. Kxe5 Nxa4 36. Kd6 Nb2 37. Kc6 a4 38. Kxb6 Nc4+ 39. Kc5 a3 40.
Nc3 Nxe3 41. g4 Nd1 42. Na2 Nf2 0-1

[Event "Druzynowe Mistrzostwa Polski w Szachach Blyskawicznych"]
[Site "Piotrkow Trybunalski"]
[Date "1899-12-30"]
[Round "3.10"]
[White "Warakomski, Tomasz"]
[Black "Masternak, Aleksander"]
[Result "1-0"]
[WhiteTitle "GM"]
[BlackTitle "k"]
[WhiteElo "2503"]
[BlackElo "2125"]

1. e4 e5 2. Nf3 Nc6 3. Nc3 Nf6 4. a3 d5 5. Bb5 dxe4 6. Nxe5 Qd6 7. Bxc6+ bxc6 8.
d4 Ba6 9. Bf4 Qe6 10. Qd2 Bd6 11. Qe3 O-O 12. O-O-O Nd5 13. Nxd5 cxd5 14. h3 c5
15. Ng4 cxd4 16. Rxd4 Bc5 17. Rhd1 f5 18. Ne5 Bb7 19. Qb3 Bxd4 20. Rxd4 Bc6 21.
Rb4 Rae8 22. Qc3 g5 23. Qg3 h6 24. h4 g4 25. Qc3 Kh7 1-0

[Event "Druzynowe Mistrzostwa Polski w Szachach Blyskawicznych"]
[Site "Piotrkow Trybunalski"]
[Date "1899-12-30"]
[Round "3.11"]
[White "Kruszynski, Wlodzimierz"]
[Black "Szelag, Marcin"]
[Result "0-1"]
[WhiteTitle "IM"]
[BlackTitle "IM"]
[WhiteElo "2077"]
[BlackElo "2340"]

1. e4 e6 2. d4 d5 3. Nd2 c5 4. Ngf3 Nc6 5. exd5 exd5 6. Bb5 Bd6 7. dxc5 Bxc5 8.
O-O Nge7 9. Nb3 Bd6 10. Bg5 O-O 11. c3 Bg4 12. Bh4 Qb6 13. Be2 Nf5 14. Bg5 Rfe8
15. Qd2 h6 16. Be3 Nxe3 17. fxe3 Qxe3+ 18. Qxe3 Rxe3 19. Rf2 Rae8 20. Bb5 a6 21.
Bf1 Ne5 22. Nfd4 Nd3 23. Rd2 Nc5 24. h3 Bd7 25. Nxc5 Bxc5 26. Kf2 R3e5 27. Rad1
Ba4 28. b3 Bd7 29. g4 g6 30. Kg2 Kg7 31. Nf3 Re3 32. Rd3 Bc6 33. Nd4 Bd7 34. Nf3
Bc6 35. Nd4 a5 36. R1d2 Re1 37. Rd1 Bd7 38. Nf3 Bb5 39. R3d2 Bxf1+ 40. Kg3 Rxd1
41. Rxd1 Be2 42. Rxd5 Bxf3 43. Kxf3 b6 44. Rd3 Kf6 45. Kf4 Re2 46. Kf3 Rxa2 47.
Rd5 Rb2 48. Rd3 Rxb3 49. Ke4 a4 50. Kd5 a3 51. Rd2 Rb2 52. Rd1 a2 53. Ra1 Rh2
0-1

[Event "Druzynowe Mistrzostwa Polski w Szachach Blyskawicznych"]
[Site "Piotrkow Trybunalski"]
[Date "1899-12-30"]
[Round "4.1"]
[White "Tomczak, Jacek"]
[Black "Miton, Kamil"]
[Result "0-1"]
[WhiteTitle "GM"]
[BlackTitle "GM"]
[WhiteElo "2546"]
[BlackElo "2530"]

1. e4 c6 2. d4 d5 3. Nc3 dxe4 4. Nxe4 Bf5 5. Ng3 Bg6 6. h4 h6 7. Nf3 e6 8. Ne5
Bh7 9. f4 Nf6 10. Be3 Nbd7 11. Bd3 Bxd3 12. Nxd3 h5 13. Qf3 g6 14. O-O-O Qa5 15.
Kb1 Qd5 16. Qe2 Qb5 17. Rc1 Bg7 18. c4 Qa5 19. Ne5 O-O 20. Bd2 Qc7 21. c5 Rad8
22. Rhf1 Rfe8 23. Nc4 Ng4 24. Nd6 Rf8 25. Bc3 Ndf6 26. Rf3 Nd5 27. Nge4 b5 28.
Rd1 a5 29. Be1 a4 30. Ng5 Rxd6 31. cxd6 Qxd6 32. Ne4 Qe7 33. Bf2 b4 34. Qc4 a3
35. Qc5 Qd8 36. Be1 axb2 37. Kxb2 Qb8 38. g3 Ngf6 39. Nxf6+ Bxf6 40. Rb3 Qa8 41.
Rc1 Rc8 42. Rc2 Qa6 43. Qc4 Qa7 44. Qc5 Bxd4+ 0-1

[Event "Druzynowe Mistrzostwa Polski w Szachach Blyskawicznych"]
[Site "Piotrkow Trybunalski"]
[Date "1899-12-30"]
[Round "4.2"]
[White "Bulski, Krzysztof"]
[Black "Warakomski, Tomasz"]
[Result "1-0"]
[WhiteTitle "GM"]
[BlackTitle "GM"]
[WhiteElo "2485"]
[BlackElo "2503"]

1. d4 g6 2. e4 Bg7 3. Nc3 c6 4. Nf3 d6 5. Be3 Qc7 6. Qd2 b5 7. Bd3 Bb7 8. a4 b4
9. Ne2 a5 10. c3 bxc3 11. bxc3 Nd7 12. O-O Ngf6 13. Bh6 O-O 14. Bxg7 Kxg7 15.
Ng3 e5 16. Rfe1 Rfe8 17. h4 Nf8 18. h5 Ne6 19. h6+ Kg8 20. dxe5 dxe5 21. Bc4 Rad8
22. Qa2 Ng4 23. Rab1 Bc8 24. Qe2 Nxh6 25. Nh2 Nf4 26. Qe3 Be6 27. Ba6 Rb8 28.
Ne2 Rxb1 29. Rxb1 Rb8 30. Rxb8+ Qxb8 31. Nxf4 exf4 32. Qc5 Qb1+ 33. Bf1 Qxe4 34.
Qxa5 Nf5 35. Qd8+ Kg7 36. a5 c5 37. a6 Bd5 38. Ng4 Qe6 39. a7 Ne7 40. Nh2 Nf5
41. a8=Q Bxa8 42. Qxa8 Qe5 43. c4 Qd4 44. Nf3 Qd6 45. Qe4 h6 46. Qe5+ Qxe5 47.
Nxe5 Nd4 48. Nd3 Ne6 49. Be2 Kf6 50. Bf3 Ke7 51. Bd5 Kd6 52. Bxe6 fxe6 53. Nxf4
Ke5 54. Nxg6+ Kd4 55. Nf4 e5 56. Ng6 e4 57. Kf1 Kxc4 58. Ke2 Kd4 59. Nh4 Ke5 60.
g3 c4 61. Ke3 c3 62. Ng2 Kf5 63. Ne1 h5 64. Kd4 Kg4 65. Kxe4 1-0

[Event "Druzynowe Mistrzostwa Polski w Szachach Blyskawicznych"]
[Site "Piotrkow Trybunalski"]
[Date "1899-12-30"]
[Round "4.3"]
[White "Szelag, Marcin"]
[Black "Gdanski, Jacek"]
[Result "1/2-1/2"]
[WhiteTitle "IM"]
[BlackTitle "GM"]
[WhiteElo "2340"]
[BlackElo "2442"]

1. e4 e6 2. d4 d5 3. Nc3 Bb4 4. e5 Ne7 5. a3 Bxc3+ 6. bxc3 c5 7. Qg4 Qc7 8. Qxg7
Rg8 9. Qxh7 cxd4 10. Ne2 Nbc6 11. f4 Bd7 12. Qd3 dxc3 13. Ng3 Nf5 14. Nxf5 exf5
15. Qxc3 d4 16. Qc5 b6 17. Qd6 Qxd6 18. exd6 Be6 19. Bb2 O-O-O 20. O-O-O Rxd6
21. Rd2 Kb7 22. Bb5 Bd5 23. Rg1 Be4 24. Bxc6+ Kxc6 25. Bxd4 Rxg2 26. Rgxg2 Bxg2
27. Be5 Rxd2 28. Kxd2 Bh3 29. Kc3 1/2-1/2

[Event "Druzynowe Mistrzostwa Polski w Szachach Blyskawicznych"]
[Site "Piotrkow Trybunalski"]
[Date "1899-12-30"]
[Round "4.4"]
[White "Masternak, Grzegorz"]
[Black "Warakomska, Anna"]
[Result "1/2-1/2"]
[WhiteTitle "IM"]
[BlackTitle "WIM"]
[WhiteElo "2267"]
[BlackElo "2114"]

1. e4 c5 2. Nc3 e6 3. g3 Nc6 4. Bg2 Rb8 5. d3 b5 6. f4 Nge7 7. Nf3 g6 8. Be3 d6
9. Ne2 Bg7 10. c3 e5 11. fxe5 Nxe5 12. Nxe5 Bxe5 13. d4 cxd4 14. cxd4 Bg7 15.
O-O O-O 16. Qd2 f5 17. Nf4 fxe4 18. d5 Bf5 19. Bxa7 Rc8 20. Rac1 Qd7 21. Bd4 Bh6
22. Be3 Bg7 23. Bd4 Bh6 24. Be3 Bg7 25. Bd4 Bh6 1/2-1/2

[Event "Druzynowe Mistrzostwa Polski w Szachach Blyskawicznych"]
[Site "Piotrkow Trybunalski"]
[Date "1899-12-30"]
[Round "4.5"]
[White "Bartel, Mateusz"]
[Black "Pakleza, Zbigniew"]
[Result "0-1"]
[WhiteTitle "GM"]
[BlackTitle "GM"]
[WhiteElo "2628"]
[BlackElo "2563"]

1. e4 d6 2. d4 Nf6 3. Nc3 c6 4. g3 b5 5. Bg2 b4 6. Nce2 e5 7. Nf3 Nbd7 8. O-O Be7
9. a3 bxa3 10. b3 O-O 11. Bxa3 Re8 12. Nc3 Bf8 13. Re1 Qc7 14. Qd2 Bb7 15. Rad1
Qa5 16. Bb2 Qc7 17. Na4 c5 18. d5 c4 19. Bf1 cxb3 20. cxb3 Rec8 21. Rc1 Qd8 22.
Bc3 Nc5 23. Nxc5 Rxc5 24. b4 Rc7 25. Ra1 Qc8 26. Ra3 Qg4 27. Qe3 Qc8 28. Nd2 Be7
29. b5 h5 30. Bb4 Ng4 31. Qf3 Bg5 32. h3 Rc2 33. Rc3 Rxc3 34. Bxc3 Nf6 35. Nc4
Qd7 36. Na5 Rc8 37. Nc6 a6 38. Ra1 axb5 39. Bxb5 Bxc6 40. dxc6 Rxc6 41. Bxc6 Qxc6
42. Re1 h4 43. gxh4 Bxh4 44. Bd2 Nh7 45. Rc1 Qb7 46. Qg4 Be7 47. Rc8+ Nf8 48.
Kg2 g6 49. Rc2 f5 50. Qf3 fxe4 51. Qe3 d5 52. Kh2 d4 53. Qg3 Qd5 54. Bg5 Bd6 55.
Rc8 e3 56. Bh6 e4 57. Rxf8+ Kh7 58. Rf4 Kxh6 59. fxe3 dxe3 60. h4 Qe5 0-1

[Event "Druzynowe Mistrzostwa Polski w Szachach Blyskawicznych"]
[Site "Piotrkow Trybunalski"]
[Date "1899-12-30"]
[Round "4.6"]
[White "Dziuba, Marcin"]
[Black "Moranda, Wojciech"]
[Result "1-0"]
[WhiteTitle "GM"]
[BlackTitle "GM"]
[WhiteElo "2536"]
[BlackElo "2603"]

1. Nf3 Nf6 2. g3 d5 3. Bg2 g6 4. c4 c6 5. d4 Bg7 6. Nbd2 O-O 7. O-O a5 8. b3 Bf5
9. Ba3 Na6 10. Nh4 Be6 11. e3 Nb4 12. Bb2 Qb6 13. a3 Na6 14. Bc3 Rfd8 15. c5 Qc7
16. b4 axb4 17. axb4 Qd7 18. Nb3 Nc7 19. Na5 Nb5 20. Bb2 Ra6 21. Nf3 Ne4 22. Rc1
Rb8 23. Ne5 Qe8 24. f3 Nf6 25. Qe2 Bh6 26. g4 Nd7 27. Nd3 f6 28. Rcd1 Nf8 29.
e4 dxe4 30. fxe4 Qd7 31. Nf2 b6 32. cxb6 Raxb6 33. d5 cxd5 34. exd5 Bf7 35. Ne4
Na7 36. d6 Bg7 37. Nc5 Qb5 38. Qxb5 Rxb5 39. dxe7 Rxb4 40. Bc3 R4b5 41. exf8=Q+
Rxf8 42. Nd7 Rc8 43. Be1 f5 44. gxf5 gxf5 45. Nb7 Rb8 46. Nd6 Bb3 47. Nxb5 Nxb5
48. Rc1 Nd4 49. Kh1 Be6 50. Nc5 Bf7 51. Bc3 Rc8 52. Bxd4 Bxd4 53. Nb3 Rxc1 54.
Nxc1 Bg6 55. Ne2 Be5 56. Ng3 1-0

[Event "Druzynowe Mistrzostwa Polski w Szachach Blyskawicznych"]
[Site "Piotrkow Trybunalski"]
[Date "1899-12-30"]
[Round "4.7"]
[White "Wieczorek, Oskar"]
[Black "Jakubiec, Artur"]
[Result "0-1"]
[WhiteTitle "IM"]
[BlackTitle "GM"]
[WhiteElo "2282"]
[BlackElo "2497"]

1. e4 c5 2. Nf3 Nc6 3. d4 cxd4 4. Nxd4 e5 5. Nb5 d6 6. N1c3 a6 7. Na3 b5 8. Nd5
Nge7 9. c4 Nd4 10. Be3 Nxd5 11. cxd5 Be7 12. Bd3 O-O 13. O-O Bd7 14. Qd2 Qb8 15.
Rac1 Qb7 16. f4 f5 17. fxe5 dxe5 18. Bxd4 exd4 19. Nc2 Bd6 20. Kh1 Rae8 21. exf5
Qxd5 22. a3 Qe5 23. g3 Bc6+ 24. Kg1 Qd5 0-1

[Event "Druzynowe Mistrzostwa Polski w Szachach Blyskawicznych"]
[Site "Piotrkow Trybunalski"]
[Date "1899-12-30"]
[Round "4.8"]
[White "Weichhold, Pawel"]
[Black "Gumularz, Szymon"]
[Result "1/2-1/2"]
[WhiteTitle "IM"]
[BlackTitle "I++"]
[WhiteElo "2382"]
[BlackElo "2262"]

1. e4 g6 2. d4 Bg7 3. Nc3 c6 4. Bc4 d6 5. Qf3 e6 6. Nge2 Nd7 7. Be3 Ngf6 8. g4
d5 9. Bd3 dxe4 10. Bxe4 Nxe4 11. Nxe4 Qe7 12. O-O-O O-O 13. g5 e5 14. d5 cxd5
15. Rxd5 Qe6 16. N2c3 Nb6 17. Rd6 Qf5 18. Qe2 Be6 19. h3 Bc4 20. Qd1 Ba6 21. Bxb6
axb6 22. f3 Qc8 23. b3 Rd8 24. Kb2 Qc7 25. Nd5 Rxd6 26. Nxd6 Qd8 27. Ne4 Bb5 28.
c4 Bc6 29. Qd2 b5 30. Rd1 Qf8 31. Qb4 Qxb4 32. Nxb4 bxc4 33. Nxc6 bxc6 34. bxc4
Bf8 35. c5 Rb8+ 36. Kc3 Rb5 37. Kc4 Ra5 38. Rd2 Ra3 39. Nf6+ Kg7 40. Ne8+ Kg8
41. Rd8 Rxa2 42. Nf6+ Kg7 43. Ne8+ Kg8 44. Nf6+ Kg7 45. Ne8+ Kg8 1/2-1/2

[Event "Druzynowe Mistrzostwa Polski w Szachach Blyskawicznych"]
[Site "Piotrkow Trybunalski"]
[Date "1899-12-30"]
[Round "4.9"]
[White "Tazbir, Marcin"]
[Black "Orzech, Dominik"]
[Result "0-1"]
[WhiteTitle "GM"]
[BlackTitle "IM"]
[WhiteElo "2552"]
[BlackElo "2449"]

1. c4 Nf6 2. g3 g6 3. Bg2 Bg7 4. Nc3 O-O 5. Rb1 a5 6. d3 e5 7. e3 c6 8. e4 Re8
9. Nge2 d6 10. O-O Be6 11. b3 d5 12. cxd5 cxd5 13. d4 Nxe4 14. Nxe4 dxe4 15. dxe5
Nc6 16. Bxe4 Bh3 17. Qxd8 Raxd8 18. Re1 Rxe5 19. Bxc6 Rxe2 20. Bg5 Rxe1+ 21. Rxe1
f6 22. Bxf6 Bxf6 23. Bxb7 Rd2 0-1

[Event "Druzynowe Mistrzostwa Polski w Szachach Blyskawicznych"]
[Site "Piotrkow Trybunalski"]
[Date "1899-12-30"]
[Round "4.10"]
[White "Sopur, Lech"]
[Black "Cyborowski, Lukasz"]
[Result "0-1"]
[WhiteTitle "m"]
[BlackTitle "GM"]
[WhiteElo "2379"]
[BlackElo "2577"]

1. d4 Nf6 2. c4 e6 3. Nf3 d5 4. Nc3 Nbd7 5. cxd5 exd5 6. Bg5 c6 7. e3 Be7 8. Bd3
Nf8 9. Bh4 Ng6 10. Bg3 Nh5 11. Qc2 Be6 12. O-O-O a5 13. Kb1 O-O 14. Rc1 Re8 15.
Ne5 Nf8 16. Be2 Nf6 17. Bd3 Nh5 18. Be2 Nf6 19. Bd3 N6d7 20. f4 f6 21. Nf3 Bf7
22. Bf2 b5 23. g4 a4 24. Rhg1 Qa5 25. Ne2 c5 26. g5 c4 27. Bf5 b4 28. gxf6 Nxf6
29. Rg5 b3 30. Qd2 Bb4 31. Nc3 a3 32. Rcg1 g6 33. Ne5 bxa2+ 0-1

[Event "Druzynowe Mistrzostwa Polski w Szachach Blyskawicznych"]
[Site "Piotrkow Trybunalski"]
[Date "1899-12-30"]
[Round "4.11"]
[White "Kulon, Klaudia"]
[Black "Swic, Waldemar"]
[Result "1/2-1/2"]
[WhiteTitle "WGM"]
[BlackTitle "FM"]
[WhiteElo "2317"]
[BlackElo "2297"]

1. c4 e5 2. g3 Nf6 3. Bg2 c6 4. d4 exd4 5. Qxd4 d5 6. Nf3 Be7 7. cxd5 cxd5 8. O-O
O-O 9. Bf4 Nc6 10. Qd2 Ne4 11. Qd1 Bf6 12. Qc2 Bf5 13. Qb3 Na5 14. Qb4 Qb6 15.
Qxb6 axb6 16. Be5 Be7 17. Nc3 Nxc3 18. Bxc3 Nc6 19. Nd4 Be4 20. Bxe4 dxe4 21.
Nf5 Bf6 22. Bxf6 gxf6 23. Nd6 Nb4 24. a3 Nc2 25. Rad1 e3 26. Nxb7 Rae8 27. Nd6
Re6 28. Nc4 exf2+ 29. Rxf2 b5 30. Na5 Ne3 31. Rd4 Rc8 32. Nb3 Rc2 33. Rd2 Rc4
34. Rf4 Rxf4 35. gxf4 Nc4 36. Rc2 Re4 37. Nc5 Rxf4 38. Nd3 Re4 39. Kf2 Kg7 40.
Kf3 Re3+ 41. Kf2 Rh3 42. Kg2 Re3 43. a4 Rxd3 44. Rxc4 Rb3 45. Rg4+ Kf8 46. axb5
Rxb2 47. Kf3 Rxb5 48. Rh4 Kg7 49. Rg4+ Kf8 50. Rh4 Kg7 51. Rg4+ Rg5 52. Rc4 h5
53. Ra4 Kg6 54. Rb4 Rf5+ 55. Kg3 Rg5+ 56. Kf3 f5 57. Rb6+ f6 58. Ra6 Rg4 59. e3
Rh4 60. Kg3 Re4 61. Kf3 h4 62. Rb6 Rg4 63. Ra6 Re4 64. Ra8 Rb4 65. Rg8+ Kf7 66.
Rh8 Ke6 67. Re8+ Kf7 68. Rh8 Kg7 69. Rh5 Kg6 70. Rh8 Re4 71. Rg8+ Kf7 72. Rh8
1/2-1/2

[Event "Druzynowe Mistrzostwa Polski w Szachach Blyskawicznych"]
[Site "Piotrkow Trybunalski"]
[Date "1899-12-30"]
[Round "5.1"]
[White "Miton, Kamil"]
[Black "Jarmula, Lukasz"]
[Result "1-0"]
[WhiteTitle "GM"]
[BlackTitle "IM"]
[WhiteElo "2530"]
[BlackElo "2168"]

1. d4 d5 2. c4 c6 3. Nc3 Nf6 4. e3 Bf5 5. cxd5 cxd5 6. Qb3 Nc6 7. Nf3 Rb8 8. Ne5
Nxe5 9. dxe5 Nd7 10. Qxd5 e6 11. Qb3 a6 12. e4 Bg6 13. Be2 Bc5 14. O-O O-O 15.
Na4 Ba7 16. Be3 Bxe3 17. Qxe3 Qa5 18. Nc3 Nxe5 19. a3 Nc6 20. b4 Qe5 21. Rfd1
h6 22. f4 Qf6 23. e5 Qe7 24. Bf3 Rbc8 25. Rac1 f6 26. Na4 fxe5 27. Bxc6 exf4 28.
Qa7 Bh5 29. Qxb7 Qg5 30. Bf3 Rxc1 31. Rxc1 Qe5 32. Qe4 Qg5 33. Rc5 Qh4 34. Rxh5
1-0

[Event "Druzynowe Mistrzostwa Polski w Szachach Blyskawicznych"]
[Site "Piotrkow Trybunalski"]
[Date "1899-12-30"]
[Round "5.2"]
[White "Masternak, Aleksander"]
[Black "Bulski, Krzysztof"]
[Result "1/2-1/2"]
[WhiteTitle "k"]
[BlackTitle "GM"]
[WhiteElo "2125"]
[BlackElo "2485"]

1. Nf3 Nf6 2. c4 e6 3. Nc3 Bb4 4. Qc2 b6 5. g3 Bb7 6. Bg2 O-O 7. O-O d6 8. a3 Bxc3
9. Qxc3 Nbd7 10. b4 c5 11. Bb2 Rc8 12. Qb3 d5 13. cxd5 c4 14. Qc3 Bxd5 15. Rac1
b5 16. Rfd1 h6 17. Ne5 Bxg2 18. Kxg2 Nxe5 19. Qxe5 Qd5+ 20. f3 Qxe5 21. Bxe5 Nd5
22. e4 Nb6 23. Bd4 Rfd8 24. Bxb6 axb6 25. d4 Rd7 26. Kf2 c3 27. Ke3 Ra7 28. d5
exd5 29. Rxd5 Rxa3 30. Rc2 Rb3 31. Rxb5 Rb2 32. Kd3 Rxc2 33. Kxc2 Rc6 34. Rd5
Rc4 35. Rb5 Rc6 36. Rd5 Rc4 37. Rb5 1/2-1/2

[Event "Druzynowe Mistrzostwa Polski w Szachach Blyskawicznych"]
[Site "Piotrkow Trybunalski"]
[Date "1899-12-30"]
[Round "5.3"]
[White "Gdanski, Jacek"]
[Black "Kruszynski, Wlodzimierz"]
[Result "1-0"]
[WhiteTitle "GM"]
[BlackTitle "IM"]
[WhiteElo "2442"]
[BlackElo "2077"]

1. e4 c5 2. Nc3 Nc6 3. Nf3 e6 4. d4 cxd4 5. Nxd4 a6 6. Nxc6 bxc6 7. Bd3 Qc7 8.
O-O Nf6 9. Qe2 d5 10. b3 Be7 11. Bb2 O-O 12. Na4 c5 13. c4 d4 14. e5 Nd7 15. Rae1
Bb7 16. Bc1 Rfe8 17. f4 g6 18. Bd2 Bf8 19. Nb2 a5 20. Be4 Nb6 21. a4 Nd7 22. Nd3
Bxe4 23. Qxe4 Rab8 24. Rb1 Rb7 25. Bxa5 Qb8 26. Nc1 Rc8 27. Bd2 Ra7 28. h4 h5
29. Rf3 Qa8 30. Qxa8 Rcxa8 31. Nd3 Rb8 32. a5 Rab7 33. Nf2 Be7 34. Ne4 Kf8 35.
g3 Ra7 36. Kf1 Bd8 37. Ra1 Rba8 38. b4 cxb4 39. Bxb4+ Kg7 40. Rfa3 Ra6 41. Ke2
Rc8 42. Kd3 Rac6 43. c5 f5 44. exf6+ Nxf6 45. Nxf6 Bxf6 46. a6 Ra8 47. Re1 Kf7
48. a7 Rc7 49. Rea1 Be7 50. Kc4 d3 51. Rxd3 Rcxa7 52. Rxa7 Rxa7 53. c6 Ra4 54.
Rb3 Ke8 55. Kb5 Ra8 56. Bxe7 Kxe7 57. Rd3 Rb8+ 58. Kc5 1-0

[Event "Druzynowe Mistrzostwa Polski w Szachach Blyskawicznych"]
[Site "Piotrkow Trybunalski"]
[Date "1899-12-30"]
[Round "5.4"]
[White "Kubicka, Anna"]
[Black "Masternak, Grzegorz"]
[Result "1/2-1/2"]
[WhiteTitle "m"]
[BlackTitle "IM"]
[WhiteElo "1951"]
[BlackElo "2267"]

1. e4 d6 2. d4 Nf6 3. Nc3 e5 4. Nf3 Nbd7 5. Bc4 Be7 6. O-O O-O 7. a4 c6 8. h3 Rb8
9. Re1 Qc7 10. Ba2 b6 11. Nh4 Re8 12. Nf5 Bf8 13. Be3 Bb7 14. Qd2 a6 15. Rad1
exd4 16. Bxd4 c5 17. Bxf6 Nxf6 18. Nxd6 Bxd6 19. Qxd6 Qxd6 20. Rxd6 Nxe4 21. Nxe4
Bxe4 22. f3 Bxc2 23. Rxe8+ Rxe8 24. Rxb6 Bxa4 25. Rxa6 Bd7 26. Ra7 Be6 27. Bxe6
fxe6 28. Rc7 Rb8 29. Rxc5 Rxb2 30. Rc7 1/2-1/2

[Event "Druzynowe Mistrzostwa Polski w Szachach Blyskawicznych"]
[Site "Piotrkow Trybunalski"]
[Date "1899-12-30"]
[Round "5.5"]
[White "Pakleza, Zbigniew"]
[Black "Tomczak, Jacek"]
[Result "1/2-1/2"]
[WhiteTitle "GM"]
[BlackTitle "GM"]
[WhiteElo "2563"]
[BlackElo "2546"]

1. d4 Nf6 2. Nf3 g6 3. Bf4 Bg7 4. e3 d6 5. h3 O-O 6. Be2 Nbd7 7. O-O b6 8. c4 Bb7
9. Nc3 Re8 10. Bg3 e5 11. dxe5 dxe5 12. Qc2 Qe7 13. Rfd1 c6 14. a3 Nh5 15. Bh2
f5 16. b4 Rac8 17. Rac1 h6 18. Qa4 a6 19. Qb3 Kh7 20. Na4 Nhf6 21. c5 bxc5 22.
bxc5 Rc7 23. Bc4 Ne4 24. Qb4 Ndxc5 25. Nxc5 Nxc5 26. Bf7 Qxf7 27. Qxc5 Rce7 28.
Rd6 Re6 29. Rcd1 Rxd6 30. Qxd6 Qe7 31. Bxe5 Bxe5 32. Nxe5 Qxd6 33. Rxd6 Rxe5 34.
Rd7+ Kg8 35. Rxb7 Ra5 36. Rb6 Rxa3 37. Rxc6 Kg7 38. g4 fxg4 39. hxg4 g5 40. Kg2
Ra4 41. Kg3 Ra3 42. Kf3 Ra4 43. Rb6 a5 44. Ra6 Ra2 45. Kg3 Ra3 46. Kf3 1/2-1/2

[Event "Druzynowe Mistrzostwa Polski w Szachach Blyskawicznych"]
[Site "Piotrkow Trybunalski"]
[Date "1899-12-30"]
[Round "5.6"]
[White "Warakomski, Tomasz"]
[Black "Dziuba, Marcin"]
[Result "1-0"]
[WhiteTitle "GM"]
[BlackTitle "GM"]
[WhiteElo "2503"]
[BlackElo "2536"]

1. e4 c5 2. Nf3 d6 3. d4 cxd4 4. Nxd4 Nf6 5. Nc3 a6 6. f4 e5 7. Nf3 Nbd7 8. a4
Be7 9. Bc4 O-O 10. O-O Qc7 11. Qe2 b6 12. Kh1 Bb7 13. Nh4 Nc5 14. fxe5 dxe5 15.
Nf5 Ncxe4 16. Nxe4 Nxe4 17. Qg4 Bf6 18. Bd3 Nd6 19. Nh6+ Kh8 20. Rxf6 gxf6 21.
Qh4 Rg8 22. Nxg8 Kxg8 23. Bh6 Ne8 24. Qg4+ Kh8 25. Qf5 e4 26. Bxe4 Bxe4 27. Qxe4
Rc8 28. Re1 Qd7 29. Qf4 Rxc2 30. Rxe8+ 1-0